|
|
|
|
| LEADER |
00000nam0a2200000 4500 |
| 001 |
318349 |
| 005 |
20231102003051.0 |
| 035 |
|
|
|a (RuTPU)RU\TPU\book\343847
|
| 090 |
|
|
|a 318349
|
| 100 |
|
|
|a 20160426d1980 m y0rusy50 ca
|
| 101 |
0 |
|
|a rus
|
| 102 |
|
|
|a RU
|
| 105 |
|
|
|a af z 000zy
|
| 200 |
1 |
|
|a Память грозовых лет. Великая Отечественная война в советском кино 1970-х годов
|f Ленинградский государственный институт театра, музыки и кинематографии (ЛГИТМиК) ; ред.-сост. Л. Г. Муратов
|
| 210 |
|
|
|a Ленинград
|c Искусство
|d 1980
|
| 215 |
|
|
|a 231 с.
|c ил.
|
| 606 |
1 |
|
|a Кино
|2 stltpush
|3 (RuTPU)RU\TPU\subj\14361
|9 40764
|
| 606 |
1 |
|
|a Великая Отечественная война 1941-1945
|2 stltpush
|3 (RuTPU)RU\TPU\subj\66603
|9 82654
|
| 610 |
1 |
|
|a фильмы
|
| 610 |
1 |
|
|a преемственность
|
| 610 |
1 |
|
|a киноискусство
|
| 610 |
1 |
|
|a кинематография
|
| 610 |
1 |
|
|a военная тема
|
| 610 |
1 |
|
|a образы
|
| 675 |
|
|
|a 791.43
|v 4
|
| 686 |
|
|
|a Т3(2)622
|v LBC/SL-A
|2 rubbk
|
| 702 |
|
1 |
|a Муратов
|b Л. Г.
|g Леонид Григорьевич
|4 340
|4 220
|
| 712 |
0 |
2 |
|a Ленинградский государственный институт театра, музыки и кинематографии (ЛГИТМиК)
|c (1962-1993)
|2 stltpush
|3 (RuTPU)RU\TPU\col\15503
|
| 801 |
|
1 |
|a RU
|b 63413507
|c 20160426
|
| 801 |
|
2 |
|a RU
|b 63413507
|c 20160513
|g RCR
|
| 942 |
|
|
|c BK
|